000 00887nam a22001937a 4500
005 20240716111613.0
008 240716b ||||| |||| 00| 0 eng d
020 _a9780750622653
050 _aRG129.P56(2e)
100 _9Mantle, Jill
245 _aphysiotherapy in obstetrics and gyenaecology
_cJill Mantle
250 _a2nd ed.
260 _aEdinburg
_bHeinemann
_c2004
300 _axxiii;489p
_b25cm
505 _aAnatomy -- physiology of pregnancy -- physical and physiological changes of labour -- the antenatal period -- relieving the discomforts of pregnancy -- preparation for labour -- the postnatal period -- the climacteric -- common gynaecological conditions -- gynaecological surgery -- urinary function and dysfunction -- bowel and anorectal function and dysfunction --
700 _aHaslam Jeanette
_92911
700 _aBarton Sue
_92912
942 _2lcc
_cBK
_e2nd ed.
999 _c10278
_d17778